000 01099nam0a2200313 4500
001 RU\NLR\ONL2\25624
005 20250613224341.0
010 _a978-5-90473-602-6
_9500
035 _a(NLR Aleph) 010212579
090 _a10280702
_c10280702
100 _a20130321d2012 |||y0rusy50 ca
101 0 _atat
102 _aRU
105 _ac |||||||||
200 1 _aМул жимешле гомер
_eшигырьлэр, истэлеклэр
_fВахит Галиев
210 _aКазан
_cИхлас
_d2012
215 _a175 б.
_cфот.
_d17
541 1 _6z01790
_a[Жизнь, подражания достойная
_eстихи, воспоминания].
_zrus
686 1 _aШ6(2=Тат)7 я44
700 1 _aГалиев
_bВ. М.
_f1927-
_gВахит Минневэли улы
_4070
790 1 _6z01541
_aГалиев
_bВ. М.
_gВахит Миннивалеевич
_4070
801 0 _aRU
_bNLR
_c20130321
_gPSBO
852 _aNLR
_jТатар./2-12538
_m39567
852 _aNLR
_bОНЛ
942 _cBOOK
980 _aNB
980 _aONL_RF